| 000 | 00982nam a2200253Ia 4500 | ||
|---|---|---|---|
| 003 | OSt | ||
| 005 | 20221005105135.0 | ||
| 006 | a|||||r|||| 00| 0 | ||
| 007 | ta | ||
| 008 | 221004b |||||||| |||| 00| 0 hin d | ||
| 020 |
_a9788179752920 (hbk) _c350 |
||
| 024 | _a100700 | ||
| 037 |
_b402, 22/03/2010, Swaraj Prakashan _cTextual |
||
| 040 |
_aCRL _cCRL _bhin |
||
| 041 |
_2hin _ahin |
||
| 082 | _aV2:51xN10:g, 152P9 | ||
| 100 | _aकपूर, मस्तराम | ||
| 245 | 0 |
_aडॉ. राममनोहर लोहिया _b वर्तमान संदर्भ में |
|
| 246 | _aḌaॉ. Rāmamanohar lohiyā: vartamān sandarbha mean | ||
| 260 |
_aनई दिल्ली _bअनामिका पब्लिर्शस भारतु _c2009 |
||
| 300 |
_a219पृ0 _ccm. |
||
| 942 |
_hV2:51xN10:g, 152P9 _cTEXL _2cc |
||
| 999 |
_c1014895 _d1014895 |
||